Statistiken für Top 15 der betroffenen Covid-19-Länder - 9. Oktober

Klicken Sie hier um das Quiz zu spielen!

Allgemein

  • Dieses Quiz wurde 11 mal gespielt
  • Das Durchschnittsergebnis liegt bei 11 aus 24

Antwortstatistiken

Land% Korrekt
Vereinigte Staaten
100%
Spanien
80%
Vereinigtes Königreich
80%
Argentinien
70%
Brasilien
70%
Frankreich
70%
Mexiko
70%
Indien
60%
Iran
60%
Kolumbien
60%
Chile
50%
Chile
50%
Russland
50%
Irak
40%
Peru
40%
Armenien
30%
Bahrain
20%
Israel
20%
Katar
20%
Kuwait
20%
Südafrika
20%
Costa Rica
10%
Oman
10%
Panama
10%

Verteilung der Resultate

Perzentil nach korrekt beantworteten Fragen

Anzahl Personen mit jedem Resultat

Ihre Resultats-Entwicklung

Sie haben dieses Quiz noch nicht gespielt